000 01238nam a22003377a 4500
003 CHAP
005 20230822114556.0
008 971013s1985 r 00010 d
010 _a36734
011 _a37706
035 _a41826
040 _cCHAP
090 _aFolleto 10729
100 0 0 _aOrtega Paczka, Rafael Ángel del Sagrado Corazón
_983853
245 _aVariedades y razas mexicanas de maíz y su evaluación en cruzamientos con líneas de clima templado como material departida para fitomejoramiento
260 _aLenningrado :
_bEl autor,
_c1985
300 _a25 h.
500 _aResumen de la tesis para obtener el grado de Ph. D. Instituto Nacional de Plantas Vavilov, 1985
590 _aBATCH-UPD
_b10
_c20130110
_lUCH01
_h1722
590 _aBATCH-UPD
_b10
_c20130410
_lUCH01
_h1105
590 _aBATCH-UPD
_b10
_c20130914
_lUCH01
_h1750
590 _aCONVERSION
_b10
_c20130109
_lUCH01
_h1321
650 1 4 _aMaíz
_xHíbridos.
_970974
650 1 4 _aMaíz
_xMejoramiento.
_971006
650 1 4 _aMaíz
_xVariedades.
_971081
650 1 4 _aMaíz
_zMéxico.
_971098
901 _aBK
942 _cFOLL
949 _aFolleto 10729
_bBC
_cFOLL
_d-96217
_eTS1
_i41826
_si
949 _aFolleto 10729
_bBC
_cFOLL
_d-96218
_eTS2
_fc.2
_i41826
_si
999 _c36734
_d36734